000 00304nam a22001337a 4500
003 OSt
008 231026b |||||||| |||| 00| 0 eng d
041 _ahin
082 _a891.54
_bKER/PA
245 _aPada prasoon
260 _aThiruvananthapuram
_bKeral Hindi Prachar Sabha
300 _a92
942 _cBK
999 _c17756
_d17756